| 000 | 00834cam a2200277 a 4500 | ||
|---|---|---|---|
| 001 | 14841 | ||
| 003 | BD-RjUL | ||
| 005 | 20211208235712.0 | ||
| 008 | 140208r20112008njua 001 0 eng | ||
| 020 | _a9788126514434 | ||
| 035 | _a(OCoLC)ocm72161848 | ||
| 035 |
_a(OCoLC)72161848 _a(BD-RjUL)14895 |
||
| 040 |
_aDLC _cDLC _dYDX _dBAKER _dBTCTA _dYDXCP _dDLC _dBD-RjUL _beng |
||
| 041 | _aeng | ||
| 082 | 0 | 0 |
_a547 _222 _bSOO 2011 |
| 100 | 1 |
_aSolomons, T. W. Graham. _934626 |
|
| 245 | 1 | 0 |
_aOrganic chemistry / _cT.W. Graham Solomons. |
| 250 | _a9th ed. / | ||
| 260 |
_aNew Delhi : _bWiley, _cc2008 [Reprint 2011]. |
||
| 300 |
_axxxv, 1244 p. : _bill. ; _c29 cm. |
||
| 504 | _aIncludes index. | ||
| 650 | 0 |
_aChemistry, Organic _vTextbooks. _946200 |
|
| 700 | 1 |
_aFryhle, Craig B. _946201 |
|
| 942 |
_2ddc _cBK |
||
| 999 |
_c14841 _d14841 |
||